| 000 | 006430000a22002050004500 | ||
|---|---|---|---|
| 020 | _a84-7057-297-0 | ||
| 041 | 0 | _aSPA | |
| 082 | 0 | 4 | _aG 291.1 O512m |
| 100 | 1 | _aOlmo Lete, G. del (Gregorio) (1935-) | |
| 245 | 1 | 0 | _aMitos y leyendas de Canaan según la tradición de ugarit / G. del Olmo Lete |
| 260 | _aMadrid, España : Cristiandad | ||
| 300 | _a699 Pag | ||
| 440 | 0 | _aColección Institución San Jerónimo | |
| 650 | 1 | 4 | _aLITERATURA - HISTORIA Y CRITICA - UGARIT \ LITERATURA - UGARIT |
| 001 | 9125 | ||
| 942 | _cBK | ||
| 999 |
_c39201 _d39201 |
||
| 336 |
_atexto _btxt _2rdacontent |
||
| 337 |
_2rdamedia _asin mediación _bn |
||
| 338 |
_2rdacarrier _avolumen _bnc |
||